Methods in environmental analysis : water, soil, and air
| Main Author: | |
|---|---|
| Format: | Book |
| Published: |
Jodhpur, India :
Agrobios (India) ,
2005.
|
| Subjects: |
MARC
| LEADER | 00000cam a2200000 7i4500 | ||
|---|---|---|---|
| 001 | 0000003646 | ||
| 005 | 20080129.0 | ||
| 020 | 0 | 0 | |a 8177540556 |
| 090 | 0 | 0 | |a 628.52 |b GUP |
| 100 | 1 | 0 | |a Gupta, P.K. |
| 245 | 1 | 0 | |a Methods in environmental analysis : |b water, soil, and air |c P.K. Gupta |
| 260 | 0 | 0 | |a Jodhpur, India : |b Agrobios (India) , |c 2005. |
| 300 | |a 408p. : |b ill. ; |c 22cm. | ||
| 650 | 0 | 0 | |a Environmental analysis |
| 650 | 0 | 0 | |a Pollutants |x Analysis |
| 999 | |a 0000007267 |b Monograph |c Open Shelf |e Default branch | ||